Biblioteca

Una iglesia apasionada por las misiones : Una aplicación de la teoría de lo obvio a la relación entre iglesias y agencias misioneras / Antonio C. Nasser ; Gustavo J. Chávez, Traductor (Registro nro. 37497)

Detalles MARC
000 -LÍDER
Campo fijo de descripción fija 005950000a22001810004500
020 ## - NÚMERO INTERNACIONAL NORMALIZADO PARA LIBROS
Número Internacional Normalizado del libro 0-7899-0442-X
041 0# - CÓDIGO DE IDIOMA
Código de idioma para texto/pista de sonido o título separado
082 04 - NÚMERO DE CLASIFICACIÓN DECIMAL DEWEY
Número de clasificación G 266 N267i
001 - NÚMERO DE CONTROL
Campo de control 7281
100 1# - ASIENTO PRINCIPAL--NOMBRE PERSONAL
Nombre personal Nasser, Antonio C.
245 10 - TÍTULO
Título del Material Una iglesia apasionada por las misiones : Una aplicación de la teoría de lo obvio a la relación entre iglesias y agencias misioneras / Antonio C. Nasser ; Gustavo J. Chávez, Traductor
260 ## - PUBLICACIÓN, DISTRIBUCIÓN, ETC. (PIE DE IMPRENTA)
Lugar de publicación, distribución, etc. Miami, FL., USA : Unilit
300 ## - DESCRIPCIÓN FÍSICA
Extensión 82 Pag
336 ## - CONTENT TYPE
Content type term texto
Content type code txt
Source rdacontent
337 ## - MEDIA TYPE
Source rdamedia
Media type term sin mediación
Media type code n
338 ## - CARRIER TYPE
Source rdacarrier
Carrier type term volumen
Carrier type code nc
942 ## - TIPO DE MATERIAL (KOHA)
Tipo de Item KOHA Libros General
Existencias
Estado de Material Estado de Perdido Estado de Dañado No para Préstamo Colección Tomo Biblioteca de Origen Biblioteca Permanente Fecha de Adquisición Total de Préstamos Signatura Topográfica Código de Barras Última vez visto Última vez Préstado Ejemplar/Existencia Fecha de Remplazo Tipo de Material
        Colección General   Biblioteca FUSBC Biblioteca FUSBC 06/01/2005 1 G 266 N267i 13390 12/12/2019 05/09/2018 2016-12-02 26/01/2016 Libros General

Biblioteca FUSBC | Teléfono: (57+4) 349 88 10 Ext. 141| WhatsApp (+57) 3005338115 
E-mail: biblioteca@unisbc.edu.co | Calle 76 87-14 Robledo Palenque, Medellín, Colombia

Con tecnología Koha